000 00687nam a2200181Ia 4500
008 151202s9999||||xx |||||||||||||| ||und||
082 _bPNVM-63874
100 _aअर्ल स्टनले गार्डनर अनु. भावे अर्पणा.
245 _aधग.
260 _bपायल पब्लिकेशन पुणे.
260 _c63874
300 _a191
600 _aअर्ल स्टनले गार्डनर अनु. भावे अर्पणा.
630 _aधग.
700 _aअर्ल स्टनले गार्डनर अनु. भावे अर्पणा.
730 _aधग.
942 _cBOOK
999 _c1330408
_d1330405